000 00871cam a22002771 4500
001 5113
003 BD-RjUL
005 20211208234018.0
008 131224s1950 nyu b 001 0 eng
035 _a(BD-RjUL) 5149
035 _a(OCoLC)1630919
040 _aDLC
_cFU
_dOCoLC
_dBD-RjUL
_beng
041 _aeng
082 _a350
_bSIP 1967
100 1 _aSimon, Herbert A.
_q(Herbert Alexander),
_d1916-2001.
_916103
245 1 0 _aPublic administration /
_cHerbert A. Simon, Donald W. Smithburg, Victor A. Thompson.
260 _aNew York :
_bKnopf,
_c1950 [printing 1967].
300 _axv, 582, xviii p.
_c21 cm.
504 _aInclude bibliography and Index.
650 0 _aPublic administration.
_95890
700 1 _aSmithburg, Donald W.
_916104
700 1 _aThompson, Victor A.
_916105
942 _2ddc
_cBK
_02
999 _c5113
_d5113